| 000 | 00437nam a22001217a 4500 | ||
|---|---|---|---|
| 008 | 190222b xxu||||| |||| 00| 0 eng d | ||
| 082 |
_a707 _bAL473p |
||
| 100 |
_aTrugeda, Javier et all. _96925 |
||
| 245 | _aPES CERO | ||
| 260 |
_aMéxico _bSOMA _bFundación Alumnos47 _c2018 |
||
| 300 |
_a106 p. _bill. _c20,3 x 13,2 cm |
||
| 650 |
_2Arte contemporáneo _vArte - educación _xArte - investigación _xArte - educación - taller _zArte - México _96926 |
||
| 999 |
_c1734 _d1734 |
||